00589nam a2200169Ia 4500008004100000100002400041245007900065245004600144260005900190260000900249300001000258650001800268650001500286856002600301999001900327952007300346170221s9999 xx 000 0 und d aKristen Alley Swain aScience Explanations in News Coverage of the First Stem Cell Controversy  cKristen Alley Swain, Jennifer Hutt Hobson bOnline Journal of Communication and Media Technologies c2012 aX : 1 xCommunication xMedia Arts uhttp://www.ojcmt.net/ c309007d309007 001040aCLbCLd2017-02-21l0r2017-02-21 00:00:00w2017-02-21yFOJ